000 00846nas a2200265 4500
001 BR2010000131
003 BR-BrBNA
005 20231205113813.0
007 ta
008 230509b bl.|||p| |||| 00| 00por d
040 _aBR-BrBNA
_bpor
_cBiblioteca Nacional de Agricultura
041 _a(Pt)
072 _aK50
100 1 _aAraújo, L.V.C. de
100 1 _aPaulo, M.C. de S.
100 1 _aPaes, J.B.
245 1 _aCaracterísticas dendrométricas e densidade básica da jurema-preta (Mimosa teniuflora (Willd.)Poir.)de duas regiões do estado da Paraíba
650 _aCARVÃO VEGETAL
650 _aMADEIRA
650 _aDENDROMETRIA
650 _aDENSIDADE DA MADEIRA
773 0 _tCaatinga (Brazil)
_xISSN 0100-316X
_g(2007), v. 20(1) p. 89-96
_wBR2010000131
909 _a202311
_bLúcia
_c55
_dLúcia Elande
942 _2AGRIS
_n0
_cANA
999 _c205704
_d205704